[Event "LSS WC-2011-S-00008"]
[Site "LSS email"]
[Date "2008.10.23"]
[Round "?"]
[White "Miettinen, Kristo S"]
[Black "Alvebring, Martin"]
[Result "1-0"]
[WhiteElo "2231"]
[BlackElo "2265"]
[PlyCount "25"]
[EventDate "2008.10.23"]
[EventType "tourn (corr)"]
[EventRounds "10"]
[EventCountry "GER"]
[SourceTitle "Corr 2013"]
[Source "ChessBase"]
[SourceDate "2012.11.12"]
[SourceVersion "1"]
[SourceVersionDate "2012.11.12"]
[SourceQuality "1"]
[WhiteTeam "US of America"]
[BlackTeam "US of America"]
[WhiteTeamCountry "USA"]
[BlackTeamCountry "USA"]

1. e4 c5 2. Nf3 d6 3. d4 cxd4 4. Nxd4 Nf6 5. Nc3 a6 6. f4 e5 7. Nf3 Nbd7 8. Bd3 Be7 9. 0-0 0-0 10. Kh1 b5 11. fxe5 dxe5 12. a3 Bb7 13. Nh4 1-0

[Event "LSS WC-2010-S-00007"]
[Site "LSS email"]
[Date "2007.12.15"]
[Round "?"]
[White "Hnatovsky, Nicholas"]
[Black "Alvebring, Martin"]
[Result "1-0"]
[WhiteElo "2347"]
[BlackElo "2293"]
[PlyCount "67"]
[EventDate "2007.12.15"]
[EventType "tourn (corr)"]
[EventRounds "10"]
[EventCountry "GER"]
[SourceTitle "Corr 2011"]
[Source "ChessBase"]
[SourceDate "2010.08.31"]
[SourceVersion "1"]
[SourceVersionDate "2010.08.31"]
[SourceQuality "1"]

1. e4 c5 2. Nf3 Nc6 3. Nc3 e6 4. Bb5 Nge7 5. Bxc6 Nxc6 6. d4 cxd4 7. Nxd4 Bc5 8. Nxc6 bxc6 9. e5 Ba6 10. Ne4 Qb6 11. c3 Be7 12. b3 0-0 13. Bf4 f5 14. Nd6 g5 15. Be3 Qa5 16. Qd4 Bxd6 17. exd6 Rab8 18. Rc1 f4 19. Bd2 Qxa2 20. c4 e5 21. Qxa7 Qxb3 22. 0-0 Bxc4 23. Rfe1 Qd3 24. Bc3 Be6 25. Bxe5 f3 26. Ba1 Ra8 27. Qc5 Rf5 28. Re5 Qa3 29. Rxf5 Bxf5 30. Bd4 Ra5 31. Qxa3 Rxa3 32. gxf3 Rxf3 33. Rc3 Rf4 34. Be5 1-0

[Event "LSS WC-2010-S-00007"]
[Site "LSS email"]
[Date "2007.12.15"]
[Round "?"]
[White "Roberts, Anthony"]
[Black "Alvebring, Martin"]
[Result "1/2-1/2"]
[WhiteElo "2247"]
[BlackElo "2293"]
[PlyCount "56"]
[EventDate "2007.12.15"]
[EventType "tourn (corr)"]
[EventRounds "10"]
[EventCountry "GER"]
[SourceTitle "Corr 2011"]
[Source "ChessBase"]
[SourceDate "2010.08.31"]
[SourceVersion "1"]
[SourceVersionDate "2010.08.31"]
[SourceQuality "1"]

1. e4 c5 2. Nf3 d6 3. d4 cxd4 4. Nxd4 Nf6 5. Nc3 a6 6. f3 e6 7. Be3 b5 8. g4 h6 9. Qd2 Nbd7 10. 0-0-0 Bb7 11. h4 b4 12. Na4 Qa5 13. b3 Nc5 14. a3 Rc8 15. Qxb4 Qc7 16. Nxc5 dxc5 17. Qa4+ Nd7 18. Ne2 c4 19. Bf4 Qc6 20. Kb2 Qxa4 21. bxa4 Be7 22. Nc3 Bf6 23. Be2 Nb6 24. e5 Bd8 25. g5 Bc7 26. gxh6 gxh6 27. Ka2 Bc6 28. Rd4 Nd5 1/2-1/2

[Event "IECG TE.2004.F.01500 email"]
[Site "IECG email"]
[Date "2007.11.22"]
[Round "?"]
[White "Alvebring, Martin"]
[Black "Pott, Brian"]
[Result "1-0"]
[WhiteElo "2293"]
[BlackElo "1941"]
[PlyCount "57"]
[EventDate "2007.11.22"]
[EventType "tourn (corr)"]
[EventRounds "14"]
[SourceTitle "Corr 2024"]
[Source "ChessBase"]
[SourceDate "2023.10.19"]
[SourceVersion "1"]
[SourceVersionDate "2023.10.19"]
[SourceQuality "1"]

1. e4 e6 2. d4 d5 3. Nc3 Nf6 4. Bg5 Bb4 5. e5 h6 6. Bd2 Bxc3 7. bxc3 Ne4 8. Qg4 Kf8 9. h4 c5 10. Rh3 cxd4 11. cxd4 Qb6 12. Nf3 Nc6 13. Bd3 Nxd4 14. Bxe4 dxe4 15. Qxe4 Nxf3+ 16. Rxf3 Bd7 17. Qf4 Be8 18. 0-0-0 Rc8 19. Rg3 Qc7 20. Bc3 a5 21. Rd4 b6 22. h5 Bc6 23. Rd6 Bd5 24. Qd4 b5 25. a3 Qb7 26. Bxa5 Kg8 27. Qg4 Rh7 28. Qh4 Qa8 29. Bb4 1-0

[Event "IECG TE.2004.F.01500 email"]
[Site "IECG email"]
[Date "2007.11.22"]
[Round "2"]
[White "Alvebring, Martin"]
[Black "Rey, Manny"]
[Result "0-1"]
[WhiteElo "2293"]
[BlackElo "2333"]
[PlyCount "102"]
[EventDate "2007.11.22"]
[EventType "tourn (corr)"]
[EventRounds "14"]
[SourceTitle "Corr 2024"]
[Source "ChessBase"]
[SourceDate "2023.10.19"]
[SourceVersion "1"]
[SourceVersionDate "2023.10.19"]
[SourceQuality "1"]

1. e4 e6 2. d4 d5 3. Nc3 Nf6 4. Bg5 Bb4 5. e5 h6 6. Bd2 Bxc3 7. bxc3 Ne4 8. Qg4 g6 9. Bd3 Nxd2 10. Kxd2 c5 11. h4 Nc6 12. Rh3 cxd4 13. cxd4 Qb6 14. Ne2 Qb4+ 15. Kd1 Nxe5 16. Qf4 Nxd3 17. Rxd3 b6 18. Qe5 0-0 19. Rg3 Kh7 20. Qf6 Ba6 21. Nf4 Rg8 22. Rc1 Rac8 23. c3 Qa4+ 24. Kd2 Rc7 25. Rc2 Qd7 26. Re3 Qd6 27. g4 Qd8 28. Qxd8 Rxd8 29. a3 Rdc8 30. Rc1 Rc4 31. Ng2 Ra4 32. Ra1 Bb5 33. f4 Rg8 34. Ne1 Kg7 35. Nf3 Ra5 36. Ree1 Rh8 37. g5 Bc4 38. Rh1 Bb3 39. Ne5 h5 40. Nc6 Ra6 41. Nb4 Ra4 42. Rhb1 Bc4 43. Nc6 Rc8 44. Ne5 Rc7 45. Rb4 Ra5 46. a4 b5 47. Kc1 Kf8 48. Kc2 a6 49. Kb2 Ke8 50. Nxc4 Rxc4 51. Rxb5 axb5 0-1

[Event "LSS WC-2006-F-00005"]
[Site "LSS email"]
[Date "2007.09.12"]
[Round "?"]
[White "Alvebring, Martin"]
[Black "Wosch, Arkadiusz Janusz"]
[Result "1/2-1/2"]
[WhiteElo "2288"]
[BlackElo "2309"]
[PlyCount "39"]
[EventDate "2007.09.12"]
[EventType "tourn (corr)"]
[EventRounds "14"]
[EventCountry "GER"]
[SourceTitle "Corr 2011"]
[Source "ChessBase"]
[SourceDate "2010.08.31"]
[SourceVersion "1"]
[SourceVersionDate "2010.08.31"]
[SourceQuality "1"]

1. d4 Nf6 2. c4 e6 3. Nc3 Bb4 4. Qc2 0-0 5. a3 Bxc3+ 6. Qxc3 b6 7. Bg5 Bb7 8. e3 d6 9. f3 Nbd7 10. Bd3 c5 11. Ne2 Rc8 12. b4 h6 13. Bh4 d5 14. cxd5 Nxd5 15. Bxd8 Nxc3 16. Bh4 cxd4 17. exd4 Nf6 18. Rc1 Nxe2 19. Kxe2 Nd5 20. Bg3 1/2-1/2

[Event "LSS WC-2006-F-00005"]
[Site "LSS email"]
[Date "2007.09.12"]
[Round "?"]
[White "Alvebring, Martin"]
[Black "Zielinski, Sergej"]
[Result "1/2-1/2"]
[WhiteElo "2288"]
[BlackElo "2181"]
[PlyCount "74"]
[EventDate "2007.09.12"]
[EventType "tourn (corr)"]
[EventRounds "14"]
[EventCountry "GER"]
[SourceTitle "Corr 2011"]
[Source "ChessBase"]
[SourceDate "2010.08.31"]
[SourceVersion "1"]
[SourceVersionDate "2010.08.31"]
[SourceQuality "1"]

1. d4 d5 2. c4 e6 3. Nc3 Nf6 4. Bg5 Be7 5. Nf3 Nbd7 6. e3 0-0 7. Rc1 c6 8. Bd3 dxc4 9. Bxc4 Nd5 10. Bxe7 Qxe7 11. 0-0 Nxc3 12. Rxc3 e5 13. dxe5 Nxe5 14. Nxe5 Qxe5 15. f4 Qe4 16. Qe2 Bf5 17. Bd3 Qd5 18. e4 Qd4+ 19. Qf2 Qxf2+ 20. Kxf2 Bd7 21. Ke3 Rfe8 22. f5 Rad8 23. Bc4 Bc8 24. g4 Kf8 25. Rcc1 Re5 26. Kf4 f6 27. Rfd1 Rde8 28. Bd3 g5+ 29. Kf3 h6 30. Bc2 Rb5 31. Rb1 Ra5 32. Bb3 h5 33. h3 Rae5 34. Bc2 Kg7 35. Rd2 Rh8 36. gxh5 Rxh5 37. Kg2 Rh8 1/2-1/2

[Event "LSS WC-2006-F-00005"]
[Site "LSS email"]
[Date "2007.09.12"]
[Round "?"]
[White "Luise, Massimo"]
[Black "Alvebring, Martin"]
[Result "1/2-1/2"]
[WhiteElo "2164"]
[BlackElo "2288"]
[PlyCount "83"]
[EventDate "2007.09.12"]
[EventType "tourn (corr)"]
[EventRounds "14"]
[EventCountry "GER"]
[SourceTitle "Corr 2011"]
[Source "ChessBase"]
[SourceDate "2010.08.31"]
[SourceVersion "1"]
[SourceVersionDate "2010.08.31"]
[SourceQuality "1"]

1. e4 e5 2. Bc4 Nf6 3. d3 Bc5 4. Nc3 Nc6 5. Nf3 d6 6. Bg5 h6 7. Be3 Nd4 8. Bxd4 exd4 9. Ne2 Bg4 10. Ng3 d5 11. exd5 0-0 12. 0-0 Nxd5 13. Re1 c6 14. a3 a5 15. h3 Be6 16. Qe2 Re8 17. Qe5 Qd7 18. Qh5 Rad8 19. Qh4 a4 20. Nh5 Bf5 21. Ba2 Bg6 22. Bxd5 cxd5 23. Nf4 Qb5 24. Rab1 Bh7 25. Rxe8+ Rxe8 26. Qh5 Rd8 27. Ne5 Qe8 28. Re1 f6 29. Qxe8+ Rxe8 30. Nf3 Rxe1+ 31. Nxe1 Kf7 32. Ne2 Bf5 33. f4 Bd7 34. Nf3 Ke7 35. Kf2 h5 36. Kg3 g6 37. Nfxd4 Kd6 38. Kh4 Be8 39. g4 hxg4 40. hxg4 Bd7 41. g5 Ke7 42. Kg3 1/2-1/2

[Event "LSS WC-2006-F-00005"]
[Site "LSS email"]
[Date "2007.09.12"]
[Round "?"]
[White "Sanner, Zdzislaw"]
[Black "Alvebring, Martin"]
[Result "0-1"]
[WhiteElo "2077"]
[BlackElo "2260"]
[PlyCount "80"]
[EventDate "2007.09.12"]
[EventType "tourn (corr)"]
[EventRounds "14"]
[EventCountry "GER"]
[SourceTitle "Corr 2015"]
[Source "ChessBase"]
[SourceDate "2015.07.17"]
[SourceVersion "1"]
[SourceVersionDate "2015.07.17"]
[SourceQuality "1"]

1. c4 Nf6 2. Nc3 g6 3. d4 Bg7 4. e4 d6 5. Nf3 0-0 6. Be2 e5 7. 0-0 Nc6 8. d5 Ne7 9. Ne1 Nd7 10. Nd3 f5 11. f3 Kh8 12. Be3 b6 13. Qc2 a5 14. Kh1 Nf6 15. Rab1 f4 16. Bf2 g5 17. Nb5 g4 18. Qd2 Ng6 19. a3 a4 20. Rbc1 h5 21. Qe1 Bh6 22. Ra1 Bg5 23. Bd1 Qe7 24. Rg1 Rg8 25. Ra2 Qh7 26. Qd2 h4 27. h3 gxh3 28. gxh3 Bh6 29. Be1 Bxh3 30. Qh2 Bc8 31. Bxh4 Nxh4 32. Qxh4 Rxg1+ 33. Kxg1 Qg6+ 34. Kf2 Bd7 35. Qh2 Rg8 36. Nc3 Bh3 37. Ke1 Qg3+ 38. Qf2 Bg5 39. Nc1 Bh4 40. Qxg3 fxg3 0-1

[Event "IECG CM.2006.0.00309 email"]
[Site "IECG email"]
[Date "2006.12.24"]
[Round "?"]
[White "Alvebring, Martin"]
[Black "Pessoa, Francisco Azevedo"]
[Result "0-1"]
[WhiteElo "2286"]
[BlackElo "2407"]
[PlyCount "56"]
[EventDate "2006.12.24"]
[EventType "tourn (corr)"]
[EventRounds "6"]
[SourceTitle "Corr 2011"]
[Source "ChessBase"]
[SourceDate "2010.08.31"]
[SourceVersion "1"]
[SourceVersionDate "2010.08.31"]
[SourceQuality "1"]

1. e4 c5 2. Nf3 d6 3. d4 cxd4 4. Nxd4 Nf6 5. Nc3 a6 6. Be3 e5 7. Nb3 Be6 8. f3 Be7 9. Qd2 Nbd7 10. g4 0-0 11. 0-0-0 b5 12. g5 b4 13. Ne2 Ne8 14. f4 a5 15. f5 a4 16. fxe6 axb3 17. exf7+ Rxf7 18. Kb1 bxc2+ 19. Kxc2 Nb6 20. Nc1 d5 21. exd5 Nd6 22. g6 hxg6 23. Kb1 Nbc4 24. Bxc4 Nxc4 25. Qd3 Qc8 26. Rhe1 Bf6 27. Qc2 Rc7 28. Qe4 Nxb2 0-1

[Event "IECG CP.2002.F.00002 email"]
[Site "IECG email"]
[Date "2006.07.09"]
[Round "?"]
[White "Alvebring, Martin"]
[Black "Kachkin, Konstantin"]
[Result "0-1"]
[WhiteElo "2291"]
[BlackElo "2195"]
[PlyCount "125"]
[EventDate "2006.07.09"]
[EventType "tourn (corr)"]
[EventRounds "6"]
[SourceTitle "Corr 2011"]
[Source "ChessBase"]
[SourceDate "2010.08.31"]
[SourceVersion "1"]
[SourceVersionDate "2010.08.31"]
[SourceQuality "1"]

1. e4 e6 2. d4 d5 3. Nc3 Bb4 4. e5 c5 5. a3 Bxc3+ 6. bxc3 Ne7 7. Qg4 0-0 8. Bd3 f5 9. exf6 Rxf6 10. Bg5 Rf7 11. Qh5 g6 12. Qd1 Nbc6 13. Nf3 Qa5 14. Bd2 Qc7 15. dxc5 e5 16. Ng5 Rf8 17. c4 e4 18. cxd5 exd3 19. d6 Qd8 20. dxe7 Qxe7+ 21. Be3 Rf5 22. h4 h6 23. Nf3 Rd5 24. cxd3 Bg4 25. Qa4 Qf6 26. Rd1 Bxf3 27. gxf3 Rad8 28. Qe4 Ne5 29. Kf1 Nxd3 30. Rb1 Nxc5 31. Bxc5 Rxc5 32. Rxb7 Re5 33. Qc4+ Kf8 34. Kg2 Re7 35. Rxe7 Qxe7 36. Rc1 Kg7 37. Qe4 Re8 38. Qd4+ Kh7 39. Rc6 Rg8 40. Ra6 Rg7 41. Rd6 Qb7 42. Qc4 Qe7 43. Qd4 Qb7 44. Qe4 Qc7 45. Re6 Qd8 46. a4 Qa5 47. Re5 Qb6 48. h5 Qf6 49. f4 Qh4 50. f3 Qf6 51. Re6 Qf5 52. Qxf5 gxf5+ 53. Kf2 Rc7 54. Rd6 Rf7 55. Ke3 Rb7 56. a5 Re7+ 57. Kd4 Kg7 58. Rg6+ Kh7 59. Rc6 Kg7 60. Rd6 Kh7 61. a6 Kg7 62. Rg6+ Kh7 63. Kd5 0-1

[Event "IECG CP.2002.F.00002 email"]
[Site "IECG email"]
[Date "2006.07.09"]
[Round "?"]
[White "Daus, Peter"]
[Black "Alvebring, Martin"]
[Result "0-1"]
[WhiteElo "2343"]
[BlackElo "2291"]
[PlyCount "56"]
[EventDate "2006.07.09"]
[EventType "tourn (corr)"]
[EventRounds "6"]
[SourceTitle "Corr 2011"]
[Source "ChessBase"]
[SourceDate "2010.08.31"]
[SourceVersion "1"]
[SourceVersionDate "2010.08.31"]
[SourceQuality "1"]

1. d4 Nf6 2. c4 c5 3. d5 b5 4. cxb5 a6 5. b6 Qxb6 6. Nc3 d6 7. e4 g6 8. Nf3 Bg7 9. Nd2 Nbd7 10. Be2 0-0 11. 0-0 Qc7 12. Nc4 Nb6 13. Ne3 Re8 14. a4 a5 15. f4 c4 16. f5 Ba6 17. Nc2 Nbd7 18. Be3 Nc5 19. Nd4 Ncxe4 20. Ndb5 Qb7 21. Nxe4 Nxe4 22. Bxc4 Rec8 23. Qe2 Bxb5 24. axb5 Bxb2 25. fxg6 hxg6 26. Ra4 Be5 27. Qf3 Nf6 28. Kh1 Kg7 0-1

[Event "IECG CP.2002.F.00002 email"]
[Site "IECG email"]
[Date "2006.07.09"]
[Round "?"]
[White "Pascutto, Gian Carlo"]
[Black "Alvebring, Martin"]
[Result "1-0"]
[WhiteElo "1414"]
[BlackElo "2291"]
[PlyCount "49"]
[EventDate "2006.07.09"]
[EventType "tourn (corr)"]
[EventRounds "6"]
[SourceTitle "Corr 2008"]
[Source "ChessBase"]
[SourceDate "2008.06.24"]
[SourceVersion "1"]
[SourceVersionDate "2008.06.24"]
[SourceQuality "1"]

1. d4 Nf6 2. c4 c5 3. d5 b5 4. Nf3 e6 5. dxe6 fxe6 6. cxb5 d5 7. Nc3 Be7 8. e4 a6 9. exd5 exd5 10. Bg5 d4 11. Bxf6 gxf6 12. Ne4 Bb7 13. Ned2 Rg8 14. g3 Rg7 15. Bc4 axb5 16. Bxb5+ Kf8 17. 0-0 Na6 18. Re1 Nc7 19. Bc4 Nd5 20. Nh4 Qd7 21. Qh5 Bc6 22. Re4 Qe8 23. Qh6 Qd7 24. Rae1 Kg8 25. Nf5 1-0

[Event "IECG CM.2006.0.00301 email"]
[Site "IECG email"]
[Date "2006.04.22"]
[Round "?"]
[White "Alvebring, Martin"]
[Black "Woelfelschneider, Peter"]
[Result "1/2-1/2"]
[WhiteElo "2298"]
[BlackElo "2216"]
[PlyCount "35"]
[EventDate "2006.04.22"]
[EventType "tourn (corr)"]
[EventRounds "6"]
[SourceTitle "Corr 2008"]
[Source "ChessBase"]
[SourceDate "2008.06.24"]
[SourceVersion "1"]
[SourceVersionDate "2008.06.24"]
[SourceQuality "1"]

1. c4 Nf6 2. d4 e6 3. Nf3 d5 4. g3 Be7 5. Bg2 0-0 6. 0-0 dxc4 7. Qc2 a6 8. Qxc4 b5 9. Qc2 Bb7 10. Bd2 Be4 11. Qc1 c6 12. Be3 Nbd7 13. Nc3 Bg6 14. Rd1 Rc8 15. Ne5 Nxe5 16. dxe5 Nd5 17. a4 Qc7 18. axb5 1/2-1/2

[Event "IECG CM.2006.0.00301 email"]
[Site "IECG email"]
[Date "2006.04.22"]
[Round "?"]
[White "Verbitsky, Oleg"]
[Black "Alvebring, Martin"]
[Result "0-1"]
[WhiteElo "2200"]
[BlackElo "2298"]
[PlyCount "36"]
[EventDate "2006.04.22"]
[EventType "tourn (corr)"]
[EventRounds "6"]
[SourceTitle "Corr 2008"]
[Source "ChessBase"]
[SourceDate "2008.06.24"]
[SourceVersion "1"]
[SourceVersionDate "2008.06.24"]
[SourceQuality "1"]

1. e4 e6 2. d4 d5 3. Nc3 Bb4 4. e5 c5 5. a3 Bxc3+ 6. bxc3 Ne7 7. Qg4 0-0 8. Bd3 Nbc6 9. Nf3 f5 10. exf6 Rxf6 11. Bg5 e5 12. Qh4 e4 13. Bxf6 gxf6 14. Qxf6 exd3 15. Qg5+ Ng6 16. Qxd8+ Nxd8 17. cxd3 Bf5 18. Kd2 Ne6 0-1

[Event "IECG TE.2004.S.01501"]
[Site "IECG email"]
[Date "2005.08.19"]
[Round "?"]
[White "Baroin, Bernard"]
[Black "Alvebring, Martin"]
[Result "0-1"]
[WhiteElo "2074"]
[BlackElo "2251"]
[PlyCount "44"]
[EventDate "2005.08.19"]
[EventType "tourn (corr)"]
[EventRounds "8"]
[SourceTitle "Corr 2008"]
[Source "ChessBase"]
[SourceDate "2008.06.24"]
[SourceVersion "1"]
[SourceVersionDate "2008.06.24"]
[SourceQuality "1"]

1. e4 e6 2. d4 d5 3. Nc3 Nf6 4. Bg5 Bb4 5. e5 h6 6. Bd2 Bxc3 7. bxc3 Ne4 8. Qg4 Kf8 9. Bd3 Nxd2 10. Kxd2 c5 11. h4 Nc6 12. Nf3 Qa5 13. Qf4 cxd4 14. Nxd4 Bd7 15. Nxc6 Bxc6 16. Qb4+ Qxb4 17. cxb4 d4 18. h5 Bxg2 19. Rh4 Rd8 20. Rg1 Bc6 21. Rgg4 f6 22. Rxd4 Ke7 0-1

[Event "IECG TE.2004.S.01501"]
[Site "IECG email"]
[Date "2005.08.19"]
[Round "?"]
[White "Furman, Slavomir"]
[Black "Alvebring, Martin"]
[Result "1/2-1/2"]
[WhiteElo "1973"]
[BlackElo "2251"]
[PlyCount "64"]
[EventDate "2005.08.19"]
[EventType "tourn (corr)"]
[EventRounds "8"]
[SourceTitle "Corr 2008"]
[Source "ChessBase"]
[SourceDate "2008.06.24"]
[SourceVersion "1"]
[SourceVersionDate "2008.06.24"]
[SourceQuality "1"]

1. e4 e6 2. d4 d5 3. Nc3 Nf6 4. Bg5 Bb4 5. e5 h6 6. exf6 hxg5 7. fxg7 Rg8 8. h4 Nc6 9. h5 Rxg7 10. h6 Rh7 11. Qd3 Rh8 12. 0-0-0 Qf6 13. Nb5 Ba5 14. Qg3 Rxh6 15. Rxh6 Qxh6 16. Nxc7+ Bxc7 17. Qxc7 Qf6 18. Bb5 Bd7 19. Rd2 g4 20. Qxb7 Rb8 21. Qa6 Rb6 22. Qa4 Qh6 23. Bxc6 Rxc6 24. Qa3 Qh2 25. Qg3 Qxg3 26. fxg3 Ke7 27. Ne2 Rc8 28. Nc3 Rh8 29. Rf2 Rh1+ 30. Kd2 f6 31. Kd3 Be8 32. Ke3 Re1+ 1/2-1/2

[Event "CFriend AC-2005-Q-00002 email"]
[Site "Chessfriend.com"]
[Date "2005.07.22"]
[Round "1"]
[White "Alvebring, Martin"]
[Black "Stummer, Walter"]
[Result "1-0"]
[WhiteElo "2312"]
[BlackElo "2391"]
[PlyCount "55"]
[EventDate "2005.??.??"]
[EventType "tourn (corr)"]
[EventRounds "6"]
[SourceTitle "Corr 2008"]
[Source "ChessBase"]
[SourceDate "2008.06.24"]
[SourceVersion "1"]
[SourceVersionDate "2008.06.24"]
[SourceQuality "1"]

1. e4 c5 2. Nf3 d6 3. d4 cxd4 4. Nxd4 Nf6 5. Nc3 a6 6. Bg5 e6 7. f4 Be7 8. Qf3 Qc7 9. 0-0-0 Nbd7 10. g4 b5 11. Bxf6 Nxf6 12. g5 Nd7 13. f5 Nc5 14. f6 gxf6 15. gxf6 Bf8 16. Rg1 h5 17. a3 Rb8 18. e5 Bb7 19. Qg3 d5 20. Kb1 Nd7 21. Qh3 Qxe5 22. Bxb5 Qxf6 23. Ba4 Rh6 24. Rg8 Qe5 25. Nce2 Rf6 26. Qc3 Qd6 27. Ng3 Rc8 28. Qb3 1-0

[Event "CFriend AC-2005-Q-00002 email"]
[Site "Chessfriend.com"]
[Date "2005.07.22"]
[Round "1"]
[White "Alvebring, Martin"]
[Black "Tinture, Laurent"]
[Result "1-0"]
[WhiteElo "2312"]
[BlackElo "2293"]
[PlyCount "83"]
[EventDate "2005.??.??"]
[EventType "tourn (corr)"]
[EventRounds "6"]
[SourceTitle "Corr 2024"]
[Source "ChessBase"]
[SourceDate "2023.10.19"]
[SourceVersion "1"]
[SourceVersionDate "2023.10.19"]
[SourceQuality "1"]

1. e4 c5 2. Nf3 Nc6 3. d4 cxd4 4. Nxd4 Nf6 5. Nc3 e5 6. Ndb5 d6 7. Bg5 a6 8. Na3 b5 9. Bxf6 gxf6 10. Nd5 f5 11. c3 Bg7 12. exf5 Bxf5 13. Nc2 0-0 14. Nce3 Be6 15. Bd3 f5 16. 0-0 Kh8 17. Qh5 e4 18. Bc2 Ne7 19. Rad1 Rc8 20. f3 Nxd5 21. Nxd5 Bxd5 22. Rxd5 Qb6+ 23. Kh1 Qe3 24. f4 b4 25. Rxf5 bxc3 26. bxc3 Rb8 27. Rxf8+ Rxf8 28. g3 Bxc3 29. Kg2 Qd2+ 30. Rf2 Qd4 31. Qh6 Re8 32. Re2 Qc4 33. Rxe4 Rxe4 34. Qf8+ Qg8 35. Qxg8+ Kxg8 36. Bxe4 h6 37. Kf3 Kf7 38. g4 Ke6 39. g5 d5 40. Bd3 a5 41. Bc2 Bg7 42. h4 1-0

[Event "CFriend AC-2005-Q-00002 email"]
[Site "Chessfriend.com"]
[Date "2005.07.22"]
[Round "1"]
[White "Florea, Mihai"]
[Black "Alvebring, Martin"]
[Result "1/2-1/2"]
[WhiteElo "2338"]
[BlackElo "2312"]
[PlyCount "62"]
[EventDate "2005.??.??"]
[EventType "tourn (corr)"]
[EventRounds "6"]
[SourceTitle "Corr 2024"]
[Source "ChessBase"]
[SourceDate "2023.10.19"]
[SourceVersion "1"]
[SourceVersionDate "2023.10.19"]
[SourceQuality "1"]

1. e4 c5 2. Nf3 d6 3. d4 cxd4 4. Nxd4 Nf6 5. Nc3 a6 6. Be3 Ng4 7. Bg5 h6 8. Bh4 g5 9. Bg3 Bg7 10. h3 Ne5 11. Nf5 Bxf5 12. exf5 Nbc6 13. Nd5 0-0 14. Be2 e6 15. fxe6 fxe6 16. Ne3 Qe7 17. h4 d5 18. hxg5 Qb4+ 19. Kf1 hxg5 20. Qb1 Qe4 21. c3 Qxb1+ 22. Rxb1 Kf7 23. Ke1 Rh8 24. Kd2 Rad8 25. Rbd1 Rxh1 26. Rxh1 d4 27. cxd4 Nxd4 28. Bxe5 Bxe5 29. Bd3 b5 30. b3 Bf4 31. Rh7+ Kf6 1/2-1/2

[Event "CFriend AC-2005-Q-00002 email"]
[Site "Chessfriend.com"]
[Date "2005.07.22"]
[Round "1"]
[White "Sekret, Roman"]
[Black "Alvebring, Martin"]
[Result "1/2-1/2"]
[WhiteElo "2324"]
[BlackElo "2312"]
[PlyCount "60"]
[EventDate "2005.??.??"]
[EventType "tourn (corr)"]
[EventRounds "6"]
[SourceTitle "Corr 2024"]
[Source "ChessBase"]
[SourceDate "2023.10.19"]
[SourceVersion "1"]
[SourceVersionDate "2023.10.19"]
[SourceQuality "1"]

1. d4 Nf6 2. c4 c5 3. d5 b5 4. cxb5 a6 5. bxa6 g6 6. Nc3 Bxa6 7. f4 Bg7 8. Nf3 Qa5 9. Bd2 0-0 10. e4 d6 11. Bxa6 Qxa6 12. Qe2 Nbd7 13. Qxa6 Rxa6 14. Ke2 e6 15. dxe6 fxe6 16. Rhd1 Nh5 17. g3 e5 18. fxe5 Nxe5 19. Nxe5 Bxe5 20. Rf1 Nf6 21. Kd3 Rb8 22. Bg5 Ng4 23. h3 Nh2 24. Rf2 Bxg3 25. Rg2 Be5 26. Bh6 Ra7 27. Rh1 Bxc3 28. Kxc3 Nf3 29. Rf1 Ne5 30. b3 Rf7 1/2-1/2

[Event "IECG WC.2008.S.00001"]
[Site "IECG email"]
[Date "2005.07.17"]
[Round "?"]
[White "Khokhlov, Igor I"]
[Black "Alvebring, Martin"]
[Result "1/2-1/2"]
[WhiteElo "2394"]
[BlackElo "2312"]
[PlyCount "75"]
[EventDate "2005.07.17"]
[EventType "tourn (corr)"]
[EventRounds "6"]
[SourceTitle "Corr 2008"]
[Source "ChessBase"]
[SourceDate "2008.06.24"]
[SourceVersion "1"]
[SourceVersionDate "2008.06.24"]
[SourceQuality "1"]

1. e4 c5 2. Nf3 d6 3. d4 cxd4 4. Nxd4 Nf6 5. Nc3 a6 6. Be3 Ng4 7. Bg5 h6 8. Bh4 g5 9. Bg3 Bg7 10. Qd2 Nc6 11. Nb3 Nge5 12. f3 b5 13. Bf2 Rb8 14. Nd5 0-0 15. Nd4 e6 16. Nxc6 Nxc6 17. Nb4 Ne5 18. c3 Bb7 19. 0-0-0 a5 20. Nc2 b4 21. cxb4 Qf6 22. Bd4 axb4 23. Nxb4 Rfc8+ 24. Kb1 d5 25. exd5 Bxd5 26. Nxd5 exd5 27. Bd3 Nxf3 28. Bxf6 Nxd2+ 29. Rxd2 Bxf6 30. Rf1 Be5 31. g3 Kg7 32. a4 Rb4 33. Bb5 d4 34. Re2 f6 35. Rd1 Rc3 36. Ka2 Re3 37. Rf2 h5 38. Rc1 1/2-1/2

[Event "IECG WC.2008.S.00001"]
[Site "IECG email"]
[Date "2005.07.17"]
[Round "?"]
[White "Tucci, Aniello"]
[Black "Alvebring, Martin"]
[Result "1/2-1/2"]
[WhiteElo "2337"]
[BlackElo "2312"]
[PlyCount "43"]
[EventDate "2005.07.17"]
[EventType "tourn (corr)"]
[EventRounds "6"]
[SourceTitle "Corr 2008"]
[Source "ChessBase"]
[SourceDate "2008.06.24"]
[SourceVersion "1"]
[SourceVersionDate "2008.06.24"]
[SourceQuality "1"]

1. e4 c5 2. Nf3 d6 3. d4 cxd4 4. Nxd4 Nf6 5. Nc3 a6 6. f3 e6 7. Be3 b5 8. g4 Nfd7 9. Qd2 Nb6 10. a4 bxa4 11. Nxa4 Nxa4 12. Rxa4 Be7 13. Be2 0-0 14. 0-0 Bb7 15. Rfa1 Nd7 16. Nb3 Rb8 17. Ba7 Rc8 18. Na5 Ba8 19. Bxa6 Rc7 20. Bf2 d5 21. Be2 Nc5 22. Rd4 1/2-1/2

[Event "IECG WC.2008.S.00001"]
[Site "IECG email"]
[Date "2005.07.17"]
[Round "?"]
[White "Wurschner, Miroslav"]
[Black "Alvebring, Martin"]
[Result "1-0"]
[WhiteElo "2218"]
[BlackElo "2312"]
[PlyCount "91"]
[EventDate "2005.07.17"]
[EventType "tourn (corr)"]
[EventRounds "6"]
[SourceTitle "Corr 2008"]
[Source "ChessBase"]
[SourceDate "2008.06.24"]
[SourceVersion "1"]
[SourceVersionDate "2008.06.24"]
[SourceQuality "1"]

1. e4 c5 2. Nf3 d6 3. d4 cxd4 4. Nxd4 Nf6 5. Nc3 a6 6. Be3 e6 7. f3 b5 8. g4 h6 9. Qd2 Nbd7 10. 0-0-0 Bb7 11. h4 b4 12. Na4 Qa5 13. b3 Nc5 14. a3 Nxa4 15. axb4 Qc7 16. bxa4 d5 17. e5 Nd7 18. f4 Nb6 19. Rh3 h5 20. gxh5 Nxa4 21. Bf2 Rc8 22. c4 Bc6 23. f5 Qb7 24. fxe6 fxe6 25. Be1 Bb5 26. Nxb5 axb5 27. Qc2 Qf7 28. Be2 Kd8 29. Ra3 Rxh5 30. Bxh5 Qxh5 31. c5 Qxe5 32. Kb1 Be7 33. Bf2 Qf4 34. Bd4 Bf6 35. Qd3 Qxh4 36. Bxf6+ Qxf6 37. Rb3 Rc7 38. Rf1 Qe5 39. Qxb5 Qb2+ 40. Rxb2 Nc3+ 41. Kc2 Nxb5 42. Rf8+ Ke7 43. Rb8 Nd4+ 44. Kd3 Nf3 45. Rh8 Ne5+ 46. Kc3 1-0